Normal view
MARC view
- Abstracting
Entry Topical Term
001 - CONTROL NUMBER
- control field: 13815
003 - CONTROL NUMBER IDENTIFIER
- control field: OSt
005 - DATE AND TIME OF LATEST TRANSACTION
- control field: 20110131104042.0
008 - FIXED-LENGTH DATA ELEMENTS
- fixed length control field: 110131|||a|||||| | ||| d
040 ## - CATALOGING SOURCE
- Original cataloging agency: OSt
- Transcribing agency: OSt
150 ## - HEADING--TOPICAL TERM
- Topical term or geographic name as entry element: Abstracting
670 ## - SOURCE DATA FOUND
- Source citation: Work cat.: (OSt): Foskett, D J 13814, Classification and indexing in the social sciences, c1974.
670 ## - SOURCE DATA FOUND
- Source citation: Work cat.: (OSt): Foskett, D J 13814, Classification and indexing in the social sciences, c1974.
